[Event "NED-ch 1975"]
[Site "Leeuwarden"]
[Date "1975.??.??"]
[Round "10"]
[White "Schouten, Nico"]
[Black "Ree, Hans"]
[Result "1/2-1/2"]
[WhiteElo "2200"]
[BlackElo "2470"]
[PlyCount "51"]
[EventDate "1975.??.??"]
[Source "ChessBase"]
[SourceDate "1999.07.01"]

1. d4 Nf6 2. c4 e6 3. Nc3 Bb4 4. e3 c5 5. Bd3 Nc6 6. Nge2 O-O 7. O-O d5 8. a3
Bxc3 9. bxc3 dxc4 10. Bxc4 Qc7 11. Ng3 Rd8 12. Ba2 b6 13. Qe2 e5 14. dxc5 bxc5
15. e4 h6 16. f4 a5 17. Bc4 Qe7 18. fxe5 Nxe5 19. Nf5 Bxf5 20. exf5 Ra7 21. Bf4
Nxc4 22. Qxc4 Rd5 23. Rae1 Qd8 24. Be5 Rad7 25. a4 Qb6 26. Qh4 1/2-1/2

[Event "NED-ch 1975"]
[Site "Leeuwarden"]
[Date "1975.??.??"]
[Round "10"]
[White "Vogel, Jaap"]
[Black "Borm, Frans"]
[Result "1-0"]
[WhiteElo "2335"]
[BlackElo "2200"]
[PlyCount "115"]
[EventDate "1975.??.??"]
[Source "ChessBase"]
[SourceDate "1999.07.01"]

1. Nf3 c5 2. c4 g6 3. d4 cxd4 4. Nxd4 Bg7 5. e4 Nc6 6. Be3 Nf6 7. Nc3 Ng4 8.
Qxg4 Nxd4 9. Qd1 e5 10. Bd3 O-O 11. Qd2 a6 12. O-O d6 13. Rac1 Be6 14. b3 Rb8
15. f3 Kh8 16. Rfd1 Qd7 17. Ne2 b5 18. Nxd4 exd4 19. Bf2 Rfc8 20. Bf1 bxc4 21.
Bxc4 Bxc4 22. Rxc4 Rxc4 23. bxc4 Qa4 24. Bxd4 Qxc4 25. Bxg7+ Kxg7 26. Qxd6 Qe2
27. Qd4+ Kg8 28. Qd2 Rb2 29. Qxe2 Rxe2 30. a3 Ra2 31. Rd3 a5 32. h4 h5 33. Kh2
Kg7 34. Kh3 a4 35. g4 hxg4+ 36. Kxg4 Kf6 37. Kf4 Ke6 38. Rc3 f6 39. Rc6+ Kf7
40. Rc7+ Kg8 41. Rc8+ Kf7 42. Rc7+ Kg8 43. Rc3 Kg7 44. h5 gxh5 45. Kf5 h4 46.
f4 Rb2 47. Rc7+ Kg8 48. Kxf6 Rb6+ 49. Kg5 h3 50. Rc2 Rb3 51. e5 Rxa3 52. e6 Re3
53. Kf6 a3 54. f5 Kh7 55. e7 Kh6 56. Kf7 Kg5 57. f6 Kf5 58. Rf2+ 1-0

[Event "NED-ch 1975"]
[Site "Leeuwarden"]
[Date "1975.??.??"]
[Round "11"]
[White "Borm, Frans"]
[Black "Van Dop, Arend"]
[Result "1/2-1/2"]
[WhiteElo "2200"]
[BlackElo "2340"]
[PlyCount "63"]
[EventDate "1975.??.??"]
[Source "ChessBase"]
[SourceDate "1999.07.01"]

1. e4 c5 2. Nf3 d6 3. d4 cxd4 4. Nxd4 Nf6 5. Nc3 a6 6. Be2 e6 7. f4 Qc7 8. O-O
Be7 9. Be3 O-O 10. Kh1 b5 11. e5 Ne8 12. Bf3 Bb7 13. Qe2 Nd7 14. Rad1 Rc8 15.
a3 Bxf3 16. Nxf3 Nb6 17. Bxb6 Qxb6 18. f5 dxe5 19. Nxe5 Nf6 20. Ne4 Nxe4 21.
Qxe4 exf5 22. Qxf5 Qe6 23. Qxe6 fxe6 24. c3 Rxf1+ 25. Rxf1 Bf6 26. Nf3 a5 27.
Re1 Kf7 28. Re4 Rd8 29. Kg1 Rd1+ 30. Kf2 Rb1 31. Re2 Ke7 32. Ke3 1/2-1/2

[Event "NED-ch 1975"]
[Site "Leeuwarden"]
[Date "1975.??.??"]
[Round "11"]
[White "Dieks, Roy"]
[Black "Bohm, Hans"]
[Result "1/2-1/2"]
[WhiteElo "2305"]
[BlackElo "2300"]
[PlyCount "138"]
[EventDate "1975.??.??"]
[Source "ChessBase"]
[SourceDate "1999.07.01"]

1. e4 Nf6 2. e5 Nd5 3. d4 d6 4. Nf3 Bg4 5. Be2 e6 6. Ng5 Bf5 7. Bd3 Bxd3 8.
Qxd3 Be7 9. Nf3 Nc6 10. O-O dxe5 11. dxe5 Nb6 12. Qe4 Qd5 13. Qf4 Qc4 14. Qg3
Qxc2 15. Qxg7 O-O-O 16. Qxf7 Rhf8 17. Qxe6+ Kb8 18. Nc3 Bc5 19. Qg4 Nd4 20. Qe4
Qxe4 21. Nxe4 Nxf3+ 22. gxf3 Be7 23. f4 Nd5 24. Ng5 Nxf4 25. Bxf4 Rxf4 26. Ne6
Rg8+ 27. Kh1 Rf3 28. Rg1 Rg6 29. Rxg6 hxg6 30. Kg2 Rf5 31. Re1 Kc8 32. Kg3 c5
33. f4 Rh5 34. Rd1 b6 35. Rd2 Rh8 36. Kf3 Rh4 37. b3 a6 38. Kg3 Rh8 39. h3 Rh7
40. Kg2 Rh8 41. a4 a5 42. Rd3 Rh5 43. Kf2 Rh7 44. Ke2 Rh8 45. Kd1 Rh7 46. Kc2
Rh8 47. Kc3 Rh4 48. Rg3 Kd7 49. Rxg6 Rxh3+ 50. Kc4 Re3 51. Ng5 Bxg5 52. e6+ Kd6
53. fxg5 Re4+ 54. Kc3 Re3+ 55. Kc2 Rg3 56. Rg8 Kxe6 57. g6 Rg2+ 58. Kc3 Rg3+
59. Kb2 Rg2+ 60. Ka3 Kf5 61. g7 Kf6 62. Rb8 Rxg7 63. Rxb6+ Ke5 64. Ra6 Kd4 65.
Rxa5 c4 66. bxc4 Kxc4 67. Rh5 Rg3+ 68. Kb2 Kb4 69. a5 Rg2+ 1/2-1/2

[Event "NED-ch 1975"]
[Site "Leeuwarden"]
[Date "1975.??.??"]
[Round "11"]
[White "Du Chattel, Philippe"]
[Black "Vogel, Jaap"]
[Result "1-0"]
[WhiteElo "2200"]
[BlackElo "2335"]
[PlyCount "71"]
[EventDate "1975.??.??"]
[Source "ChessBase"]
[SourceDate "1999.07.01"]

1. e4 e6 2. d3 d5 3. Nd2 Nf6 4. c3 Nc6 5. g3 dxe4 6. dxe4 e5 7. Ngf3 Bc5 8. b4
Bb6 9. Bc4 O-O 10. h3 Be6 11. Bxe6 fxe6 12. Qe2 a6 13. O-O Qe8 14. g4 Rd8 15.
a4 h5 16. g5 Qg6 17. Kh2 Ng4+ 18. Kg3 Nxf2 19. Rxf2 Bxf2+ 20. Kxf2 Qxg5 21. Nc4
Qh4+ 22. Kg2 Rxf3 23. Qxf3 Rf8 24. Qe3 Rf4 25. Qg3 Qxg3+ 26. Kxg3 Rxe4 27. Na3
Ne7 28. Bg5 Nc8 29. Kf3 Nd6 30. Rd1 Kf7 31. Rxd6 Re1 32. Rd7+ Kg6 33. Bd2 Ra1
34. Nc4 Rxa4 35. Nxe5+ Kf5 36. Bf4 1-0

[Event "NED-ch 1975"]
[Site "Leeuwarden"]
[Date "1975.??.??"]
[Round "11"]
[White "Ree, Hans"]
[Black "Enklaar, Bert"]
[Result "1-0"]
[WhiteElo "2470"]
[BlackElo "2410"]
[PlyCount "95"]
[EventDate "1975.??.??"]
[Source "ChessBase"]
[SourceDate "1999.07.01"]

1. d4 Nf6 2. c4 g6 3. Nc3 Bg7 4. e4 d6 5. f3 O-O 6. Be3 e5 7. d5 c6 8. Qd2 cxd5
9. cxd5 Nbd7 10. Bd3 Ne8 11. Nge2 f5 12. O-O-O Ndf6 13. h3 f4 14. Bf2 Nh5 15.
Kb1 Bf6 16. Rhf1 Bh4 17. Bg1 Rf7 18. Rc1 Qg5 19. Bf2 Bxf2 20. Rxf2 Ng3 21. Nxg3
Qxg3 22. Qe1 Rc7 23. Qg1 Bd7 24. Rfc2 Qg5 25. Bb5 Qd8 26. Bxd7 Qxd7 27. b3 Rc5
28. Na4 Rxc2 29. Rxc2 Nc7 30. Nc3 Na6 31. Qf1 Rc8 32. Nb5 Rxc2 33. Kxc2 Nb4+
34. Kb2 a6 35. Nc3 a5 36. a3 Na6 37. Qb5 Qe7 38. Qxa5 Qg5 39. b4 Qxg2+ 40. Kb3
Qxf3 41. Qd8+ Kf7 42. Qd7+ Kg8 43. Qc8+ Kg7 44. Qxb7+ Kh6 45. Qxa6 Qg2 46. Qxd6
f3 47. Qf8+ Kh5 48. d6 1-0

[Event "NED-ch 1975"]
[Site "Leeuwarden"]
[Date "1975.??.??"]
[Round "11"]
[White "Van der Sterren, Paul"]
[Black "Schouten, Nico"]
[Result "0-1"]
[WhiteElo "2200"]
[BlackElo "2200"]
[PlyCount "122"]
[EventDate "1975.??.??"]
[Source "ChessBase"]
[SourceDate "1999.07.01"]

1. e4 e5 2. Nf3 Nc6 3. Bb5 a6 4. Ba4 Nf6 5. d3 d6 6. c3 g6 7. Nbd2 Bg7 8. Nf1
O-O 9. Ne3 Ne7 10. O-O b5 11. Bc2 Bb7 12. Qe2 c5 13. h3 Nh5 14. g3 Qd7 15. Kh2
f5 16. Bd2 Nf6 17. Ng2 Qc6 18. Bg5 Rae8 19. Bxf6 Rxf6 20. Ne3 Ref8 21. Nd2 Kh8
22. Bb3 Qd7 23. Nd5 Nxd5 24. Bxd5 Bc8 25. exf5 Rxf5 26. Bg2 h5 27. h4 Bh6 28.
Ne4 R5f7 29. c4 Qe7 30. Bh3 Bxh3 31. Kxh3 Rf3 32. Kg2 Qe6 33. b3 R3f5 34. a3
Rc8 35. Nc3 Rcf8 36. Rab1 Qf7 37. Ne4 Rd8 38. Nc3 Rb8 39. Qe4 Rf8 40. Qe2 Rb8
41. b4 Qd7 42. Qe4 cxb4 43. Rxb4 Bd2 44. Rb3 Bxc3 45. Rxc3 bxc4 46. dxc4 Rb2
47. Rf3 Qb7 48. Qxb7 Rxb7 49. Rd1 Rb6 50. a4 Rc6 51. a5 Kg7 52. Rb3 e4 53. Rb7+
Rf7 54. Rb6 Rxc4 55. Rdxd6 Rc2 56. Rxg6+ Kf8 57. Rb8+ Ke7 58. Rb7+ Kf8 59.
Rxf7+ Kxf7 60. Rxa6 e3 61. Kf3 e2 0-1